000 00460nam a2200157Ia 4500
005 20250508151646.0
008 008 250505s9999 xx 000 0 eng d
037 _aBooks to be hide in OPAC
040 _aFEDL
_beng
_cFEDL
041 _aeng
_2eng
084 _a378, IOW/O
_qFEDL
245 0 _aUniversity of Iowa studies : Aesthetic judgment as a measure of art talent
300 _a30p.
942 _cHB
_h378, IOW/O
999 _c1331219
_d1331219